Normal view
MARC view
- التدريس-طرق تفكير
Entry Topical Term
001 - CONTROL NUMBER
- control field: 30373
003 - CONTROL NUMBER IDENTIFIER
- control field: JO-AjAnu
005 - DATE AND TIME OF LATEST TRANSACTION
- control field: 20230606075127.0
008 - FIXED-LENGTH DATA ELEMENTS
- fixed length control field: 230606|| aca||aabn | a|a d
040 ## - CATALOGING SOURCE
- Original cataloging agency: JO-AjAnu
- Transcribing agency: JO-AjAnu
150 ## - HEADING--TOPICAL TERM
- Topical term or geographic name entry element: التدريس-طرق تفكير
670 ## - SOURCE DATA FOUND
- Source citation: Work cat.: (JO-AjAnu)15599: اللصاصة،محمد حرب مؤلف/محمد،أحمد عبد الكريم م.مشارك/العمرو،إسماعيل بن إبراهيم الذويبي م.مشارك, author 30372, طرائق التدريس العامة:سلسة تطوير أداء المعلمين